Linux : (رقم التسجيلة. 775)
[ عرض عادي ]
| 000 -الفاتح | |
|---|---|
| حقل البيانات ثابتة الطول | 01260cam a22003255a 4500 |
| 001 - رقم الضبط | |
| رقم الضبط | 13161597 |
| 003 - محدد رقم الضبط | |
| رقم الضبط | OSt |
| 005 - وقت وتاريخ اخر تعامل مع التسجيلة | |
| رقم الضبط | 20150408113723.0 |
| 008 - عناصر البيانات ثابتة الطول - معلومات عامة | |
| حقل البيانات ثابتة الطول | 030414s2002 nyua 001 0 eng |
| 010 ## - رقم ضبط مكتبة الكونجرس | |
| رقم ضبط مكتبة الكونجرس | 2003267057 |
| 020 ## - الرقم الدولى المعيارى للكتب | |
| الرقم الدولى المعيارى للكتاب | 007222505X |
| 040 ## - مصدر الفهرسة | |
| وكالة الفهرسة الأصلية | DLC |
| وكالة النسخ | DLC |
| وكالة التعديل | DLC |
| 050 00 - رقم طلب مكتبة الكونجرس | |
| رقم التصنيف | QA76.76.O63 |
| رقم المادة | P523 2002 |
| 082 00 - رقم تصنيف ديوى العشرى | |
| رقم التصنيف | 005.4/46 |
| رقم الطبعة | 22 |
| 100 1# - المدخل الرئيسى - إسم شخصى | |
| الإسم الشخصى | Petersen, Richard, |
| التواريخ المصاحبة للاسم | 1949- |
| 9 (RLIN) | 4733 |
| 245 10 - بيان العنوان | |
| العنوان | Linux : |
| بقية العنوان | the complete reference / |
| بيان المسئوليه,etc | Richard Petersen. |
| 246 14 - العنوان الموازى | |
| عنوان صحيح/عنوان مختصر | Complete reference Linux |
| 250 ## - بيان الطبعة | |
| بيان الطبعة | 5th ed. |
| 260 ## - PUBLICATION, DISTRIBUTION, ETC. (IMPRINT) | |
| مكان الناشر او الموزع | New York : |
| اسم الناشر او الموزع | McGraw-Hill/Osborne, |
| تاريخ النشر أو التوزيع | c2002. |
| 300 ## - الوصف المادى | |
| التعداد | xxxv, 911 p. : |
| تفاصيل ماديه اخرى للوعاء | ill. ; |
| أبعاد الوعاء | 24 cm. + |
| المادة المصاحبة | 1 CD-ROM (4 3/4 in.) |
| 500 ## - تبصرة عامة | |
| تبصرة عامة | Includes index. |
| 630 00 - المدخل الاضافى بالموضوع - عنوان موحد | |
| عنوان موحد | Linux. |
| 9 (RLIN) | 4734 |
| 650 #0 - المدخل الاضافى بالموضوع-مصطلح موضوعى | |
| مصطلح موضوعي أو اسم جغرافي كعنصر مدخل | Operating systems (Computers) |
| 9 (RLIN) | 4005 |
| 856 42 - الوصول و الموقع الالكترونى | |
| مواد محددة | Publisher description |
| معرف المصدر الموحد | <a href="http://www.loc.gov/catdir/description/mh031/2003267057.html">http://www.loc.gov/catdir/description/mh031/2003267057.html</a> |
| 856 41 - الوصول و الموقع الالكترونى | |
| مواد محددة | Table of contents |
| معرف المصدر الموحد | <a href="http://www.loc.gov/catdir/toc/mh031/2003267057.html">http://www.loc.gov/catdir/toc/mh031/2003267057.html</a> |
| 856 42 - الوصول و الموقع الالكترونى | |
| مواد محددة | Contributor biographical information |
| معرف المصدر الموحد | <a href="http://www.loc.gov/catdir/enhancements/fy0705/2003267057-b.html">http://www.loc.gov/catdir/enhancements/fy0705/2003267057-b.html</a> |
| 906 ## - عنصر بيانات محلى F, LDF (RLIN) | |
| a | 7 |
| b | cbc |
| c | origcop |
| d | 2 |
| e | ncip |
| f | 20 |
| g | y-gencatlg |
| 942 ## - عناصر المدخل الإضافي( كوها) | |
| مصدر التصنيف او مخطط الترفيف | Dewey Decimal Classification |
| Koha [default] item type | كتاب |
| حالة الفقد | نموذج السعر الفعال | حالة تلف | ليس للاعارة | رقم الطلب | تاريخ الاكتساب | الموقع الحالي | الباركود | الفرع الرئيسي | Date last seen | نوع المادة فى نظام كوها | مصدر التصنيف او خطة الترفيف | Total Checkouts |
|---|---|---|---|---|---|---|---|---|---|---|---|---|
| 2013-03-10 | 005.446 P R L | 2011-09-22 | المكتبة المركزية بالمجمعة (CL) | 00047769 | المكتبة المركزية بالمجمعة (CL) | 2013-03-10 | كتاب | Dewey Decimal Classification | ||||
| 2013-03-10 | 005.446 P R L | 2011-09-22 | المكتبة المركزية بالمجمعة (CL) | 00048951 | المكتبة المركزية بالمجمعة (CL) | 2013-03-10 | كتاب | Dewey Decimal Classification | ||||
| 2013-03-10 | 005.446 P R L | 2011-09-22 | المكتبة المركزية بالمجمعة (CL) | 00048953 | المكتبة المركزية بالمجمعة (CL) | 2013-03-10 | كتاب | Dewey Decimal Classification |
